000
00337nam a2200133Ia 4500
008
240624s9999 xx 000 0 und d
041
_a
eng
082
_a
332.6 MCG
100
_a
MCGINN JEFFREY
245
_a
TAIL RISK KILLERS HOW MATH INDETERMINACY
260
_c
2012
_a
New York
_b
McGraw-Hill
300
_a
374p. ;23cm.
365
_c
_b
33
999
_c
32766
_d
32766